000 00309nam a2200133 i 4500
001 bg
100 1 _aKULWICKI, Eugeniusz
245 0 _aEkonomia polityczna /
_cEugeniusz Kulwicki.
260 _aKraków,
_c1983.
040 _cBPK
041 _apol
942 _cKS
008 s pl f |000 0 pol
999 _c22111
_d22111
856 _uhttp://koha.tu.koszalin.pl/cgi-bin/koha/opac-detail.pl?biblionumber=22111
_yKatalog online BPK